Drummers - Sudden Death - Statistics

General Stats
  • This quiz has been taken 338 times
    313 since last reset
  • The average score is 7 of 15
Answers on the Grid
Answers color-coded by a green-red scale on the quiz's grid according to % correct below.
Taylor Hawkins
Paul Stanley
Peter Criss
Jay Weinberg
David Lee Roth
Nita Strauss
Travis Barker
Gene Simmons
Bono
Tommy Henriksen
Lars Ulrich
Dave Grohl
Chad Smith
Jerry Cantrell
Joey Jordison
Huey Lewis
Mickey Thomas
Pat Smear
Klaus Meine
Phil Collins
Joe Perry
George Harrison
Annie Lenox
Eddie Van Halen
Rob Bourdon
Tommy Lee
Ringo Starr
John Otto
Mikkey Dee
Don Henley
 
Answer Stats
Answer % Correct
Taylor Hawkins
81%
Dave Grohl
71%
Chad Smith
68%
Ringo Starr
68%
Lars Ulrich
66%
Travis Barker
65%
Phil Collins
64%
Tommy Lee
46%
Joey Jordison
43%
Don Henley
33%
Jay Weinberg
33%
Peter Criss
29%
Mikkey Dee
19%
John Otto
11%
Rob Bourdon
10%
No matching quizzes found
Score Distribution
Percent of People with Each Score
Percentile by Number Answered
Your Score History
You have not taken this quiz since the last reset